000 00562nam a22001937a 4500
005 20251202134950.0
008 251202b |||||||| |||| 00| 0 eng d
020 _a9780867209686
_qhbk.
041 _aeng
082 _a624.17
_bREI
100 _aReissner, Eric
245 _aSelected works in applied mechanics and mathematics
_c/ Eric Reissner
250 _a1st ed.
260 _aBoston
_bJones and Bartlett Publishers
_c©1996
300 _axiv, 601 p.
_b: ill.
_c; 24 cm.
504 _aBiblio
650 _aMechanics - Applied Mathematics
942 _cREF
999 _c599690
_d599690